Právna úprava obchodného tajomstva bakalárska práca

Enregistré dans:
Détails bibliographiques
Auteur principal: Atovičová, Michaela
Collectivité auteur: Obchodná fakulta EU. Katedra obchodného práva
Autres auteurs: Slezáková, Andrea, 1980-
Format: Livre
Langue:slovaque
Publié: Bratislava 2020
Tags: Ajouter un tag
Pas de tags, Soyez le premier à ajouter un tag!

MARC

LEADER 00000nbm a2200000 4500
001 0266571
005 20201009092838.8
041 0 |a slo 
044 |a SK 
245 1 0 |a Právna úprava obchodného tajomstva  |b bakalárska práca  |c Michaela Atovičová ; školiteľ: Andrea Slezáková 
264 1 |a Bratislava  |c 2020 
300 |a 47 s. 
100 1 |a Atovičová, Michaela 
700 1 |a Slezáková, Andrea, 1980- 
710 2 |a Obchodná fakulta EU. Katedra obchodného práva